| 000 | 00321 a2200133 4500 | ||
|---|---|---|---|
| 003 | Nust | ||
| 005 | 20170207164336.0 | ||
| 040 | _cNust | ||
| 245 |
_aStudent Solutions Manual for use with Basic Econometrics(E BOOK) _cGujarati,Damodar N |
||
| 250 | _a4th ed | ||
| 260 |
_aBosto _bMcGraw-hill |
||
| 300 | _a189p | ||
| 538 | _aE Book | ||
| 942 |
_2ddc _cBK |
||
| 999 |
_c208712 _d208712 |
||